Normal view
MARC view
- Tian Tian, John B. Heywood, Victor W. Wong
Entry Personal Name
001 - CONTROL NUMBER
- control field: 65949
003 - CONTROL NUMBER IDENTIFIER
- control field: NUST
005 - DATE AND TIME OF LATEST TRANSACTION
- control field: 20210628203520.0
008 - FIXED-LENGTH DATA ELEMENTS
- fixed length control field: 210628|| aca||aabn | a|a d
040 ## - CATALOGING SOURCE
- Original cataloging agency: NUST
- Transcribing agency: NUST
100 ## - HEADING--PERSONAL NAME
- Personal name: Tian Tian, John B. Heywood, Victor W. Wong
670 ## - SOURCE DATA FOUND
- Source citation: Work cat.: (NUST): Tian Tian, John B. Heywood, Victor W. Wong, Modeling the performance of the piston ring pack in internal combustion engines, 1997
